000 00582cam a22002291 4500
001 sa 66007305
003 DLC
005 20260227112303.0
008 920609s1962 ii a b 000 0 urdr
010 _asa 66007305
035 _a(OCoLC)25978402
040 _aDLC
_cWaU
_dDLC
042 _apremarc
050 0 0 _aZ40
_b.S5
100 1 _aSiddiqui, Mohammad Ishaq,
_d1929-
245 1 0 _aFan-i taḥrīr kī tārīk̲h̲.
260 _c[1962]
300 _a380, [4] p.
_billus.
_c23 cm.
500 _aIn Urdu.
504 _aBibliography: p. [384]
650 0 _aWriting
_xHistory.
999 _c71082
_d71082